000 00283nam a2200109Ia 4500
008 200302s9999 xx 000 0 und d
100 _aAlisong Kwok
245 _aSustainable Buildings in Practice What the Users Think
260 _bArchitectural Press
260 _c2011
300 _a424
999 _c3313
_d3313